Catálogo

Informe del rector 2016-2017 / (Registro nro. 68348)

Detalles MARC
000 -LEADER
fixed length control field 01158cam a2200301 i 4500
001 - CONTROL NUMBER
control field 67762
003 - CONTROL NUMBER IDENTIFIER
control field Mx-PuUPA
005 - DATE AND TIME OF LATEST TRANSACTION
control field 20220919082716.0
008 - FIXED-LENGTH DATA ELEMENTS--GENERAL INFORMATION
fixed length control field 150318s2017 puma gr 000 0 spa d
040 ## - CATALOGING SOURCE
Original cataloging agency MX-PuUPA
Language of cataloging spa
Description conventions rda
Transcribing agency Mx-PuUPA
Modifying agency Mx-PuUPA
041 0# - LANGUAGE CODE
Language code of text/sound track or separate title spa
043 ## - GEOGRAPHIC AREA CODE
Geographic area code n-mx-pu
110 2# - MAIN ENTRY--CORPORATE NAME
Corporate name or jurisdiction name as entry element Universidad Popular Autónoma del Estado de Puebla,
Relator term autor
9 (RLIN) 6081
240 10 - UNIFORM TITLE
Uniform title Informe.
Form subheading Rector UPAEP
245 10 - TITLE STATEMENT
Title Informe del rector 2016-2017 /
Statement of responsibility, etc. Universidad Popular Autónoma del Estado de Puebla ; Emilio José Baños Ardavín, rector
264 #1 - PRODUCTION, PUBLICATION, DISTRIBUTION, MANUFACTURE, AND COPYRIGHT NOTICE
Place of production, publication, distribution, manufacture [Puebla, Puebla] :
Name of producer, publisher, distributor, manufacturer Universidad Popular Autónoma del Estado de Puebla,
Date of production, publication, distribution, manufacture, or copyright notice 2017
300 ## - PHYSICAL DESCRIPTION
Extent 118 páginas :
Other physical details ilustraciones, fotografías ;
Dimensions 30 cm
336 ## - CONTENT TYPE
Content type term texto
Fuente rdacontent
Content type code txt
337 ## - MEDIA TYPE
Media type term sin medio
Source rdamedia
Media type code n
338 ## - CARRIER TYPE
Carrier type term volumen
Source rdacarrier
Carrier type code nc
650 #4 - SUBJECT ADDED ENTRY--TOPICAL TERM
Topical term or geographic name entry element Educación superior
General subdivision Estadísticas
650 #4 - SUBJECT ADDED ENTRY--TOPICAL TERM
Topical term or geographic name entry element Educación superior
General subdivision Informes
700 1# - ADDED ENTRY--PERSONAL NAME
Personal name Baños Ardavín, Emilio José,
Relator term rector
942 ## - ADDED ENTRY ELEMENTS (KOHA)
Source of classification or shelving scheme Dewey Decimal Classification
Koha item type Libro
Classification part 378.107
Item part I43
Existencias
Withdrawn status Lost status Source of classification or shelving scheme Damaged status Not for loan Collection code Home library Current library Shelving location Date acquired Source of acquisition Full call number Barcode Date last seen Price effective from Koha item type Copy number
    Dewey Decimal Classification   Consulta en sala UPAEP Biblioteca Karol Wojtyla Biblioteca Karol Wojtyla Sala "Colecciones Especiales" 03/12/2013 Compra 378.107 I43 2017 61834 05/01/2026 03/12/2013 Libro  
    Dewey Decimal Classification     Referencia Biblioteca Karol Wojtyla Biblioteca Karol Wojtyla Área de silencio 03/12/2013 Donación 378.107 I43 2017 60344 05/01/2026 03/12/2013 Libro R Ej.2